| 000 | 00458cam a2200181ua 4500 | ||
|---|---|---|---|
| 020 | _c8.00 | ||
| 041 |
_amal _h |
||
| 082 |
_a894.8122 _bKES/KE |
||
| 100 | _aKesavadev, P . | ||
| 245 |
_aKesavadevinte natakangal / _cP Kesavadev. _hTextual Documents |
||
| 250 |
_a1 / _b. |
||
| 260 |
_aKottayam : _bSahitya Pravarthaka Co-operative Society , _c1967. |
||
| 300 | _a319 ; . | ||
| 365 | _a8.00 | ||
| 504 | _a | ||
| 942 | _cBK | ||
| 999 |
_c11608 _d11608 |
||